Gastos militares y desarrollo en América del sur /
Guardado en:
| Autores Corporativos: | , |
|---|---|
| Format: | Texto |
| Udgivet: |
Lima:
Talleres Gráficos P.L. Villanueva
|
| Tags: |
Tilføj Tag
Ingen Tags, Vær først til at tagge denne postø!
|
MARC
| LEADER | 00000 a a2200000 04500 | ||
|---|---|---|---|
| 001 | 25252 | ||
| 003 | |||
| 040 | |||
| 090 | |a 180600 | ||
| 110 | |a Universidad de Lima. Centro de Investigación Economica y Sociales | ||
| 245 | |a Gastos militares y desarrollo en América del sur / |c Universidad de Lima. Centro de Investigación Economica y Sociales | ||
| 260 | |a Lima: |b Talleres Gráficos P.L. Villanueva | ||
| 300 | |a 312 p |b **no definido** | ||
| 710 | |a CIESUL | ||
| 999 | |c 12104 |d 12104 | ||
